Countries With the Word "Go" in Their Names - Statistics

General Stats
  • This quiz has been taken 92 times
  • The average score is 5 of 7
Answer Stats
Continent Countries % Correct
Africa Togo
86%
North America Trinidad andTobago
83%
Africa Angola
76%
Africa Democratic Republicof the Congo
75%
Africa Republic ofthe Congo
75%
Asia Mongolia
71%
Europe Bosnia andHerzegovina
63%
No matching quizzes found
Score Distribution
Percent of People with Each Score
Percentile by Number Answered
Your Score History
You have not taken this quiz